|
|
|
|
| LEADER |
02026nam a2200397 i 4500 |
| 001 |
36390 |
| 003 |
BD-DhAAL |
| 005 |
20211122120515.0 |
| 008 |
191017t2017 nyu b 001 0 eng d |
| 999 |
|
|
|c 41556
|d 41556
|
| 010 |
|
|
|a 2016039703
|
| 020 |
|
|
|a 9781138800458 (pbk.)
|
| 020 |
|
|
|a 9781138800441 (hbk.)
|
| 020 |
|
|
|z 9781315755458 (ebk)
|
| 040 |
|
|
|a DLC
|b eng
|c DLC
|e rda
|d BD-DhAAL
|
| 042 |
|
|
|a pcc
|
| 050 |
0 |
0 |
|a BF455
|b .H27133 2017
|
| 082 |
0 |
0 |
|a 401.9
|2 23
|
| 100 |
1 |
|
|a Harley, Trevor A.
|9 36116
|
| 245 |
1 |
0 |
|a Talking the talk :
|b language, psychology and science /
|c Trevor Harley.
|
| 250 |
|
|
|a Second edition.
|
| 260 |
|
|
|a New York :
|b Routledge, Taylor & Francis Group,
|c c2017.
|
| 300 |
|
|
|a viii, 305 pages ;
|c 26 cm
|
| 500 |
|
|
|a Revised edition of the author's Talking the talk, 2010.
|
| 504 |
|
|
|a Includes bibliographical references (pages 258-292) and index.
|
| 505 |
0 |
|
|a Preface -- Language -- Animals -- Children -- Thought -- Meaning -- Words -- Understanding -- Speaking -- End.
|
| 526 |
|
|
|a ENH
|
| 541 |
|
|
|a Trim Education
|e 36390, 36391, 36392, 36393
|
| 650 |
|
0 |
|a Psycholinguistics.
|9 36117
|
| 650 |
|
0 |
|a English language.
|9 42984
|
| 852 |
|
|
|a Ayesha Abed Library
|c General Stacks
|
| 942 |
|
|
|2 ddc
|c BK
|
| 952 |
|
|
|0 0
|1 0
|2 ddc
|4 0
|6 401_900000000000000_HAR
|7 0
|9 66722
|a BRACUL
|b BRACUL
|c GEN
|d 2019-10-15
|e Trim Education
|g 3090.00
|l 2
|m 32
|o 401.9 HAR
|p 3010036390
|r 2026-01-15
|s 2025-10-08
|t 1
|v 3090.00
|w 2019-10-15
|y BK
|
| 952 |
|
|
|0 0
|1 0
|2 ddc
|4 0
|6 401_900000000000000_HAR
|7 0
|9 66723
|a BRACUL
|b BRACUL
|c GEN
|d 2019-10-15
|e Trim Education
|g 3090.00
|l 1
|o 401.9 HAR
|p 3010036391
|r 2024-01-31
|s 2024-01-29
|t 2
|v 3090.00
|w 2019-10-15
|y BK
|
| 952 |
|
|
|0 0
|1 0
|2 ddc
|4 0
|6 401_900000000000000_HAR
|7 0
|9 66724
|a BRACUL
|b BRACUL
|c GEN
|d 2019-10-15
|e Trim Education
|g 3090.00
|l 0
|o 401.9 HAR
|p 3010036392
|r 2022-11-17
|t 3
|v 3090.00
|w 2019-10-15
|y BK
|
| 952 |
|
|
|0 0
|1 0
|2 ddc
|4 0
|6 401_900000000000000_HAR
|7 0
|9 66725
|a BRACUL
|b BRACUL
|c GEN
|d 2019-10-15
|e Trim Education
|g 3090.00
|l 3
|m 20
|o 401.9 HAR
|p 3010036393
|r 2024-09-24
|s 2024-09-14
|t 4
|v 3090.00
|w 2019-10-15
|y BK
|